Una mártir del siglo XIX, Helena Petrovna Blavatsky : (Record no. 132940)

MARC details
000 -LEADER
campo de control de longitud fija 00951nam a2200241 4500
001 - NÚMERO DE CONTROL
campo de control 132940
003 - IDENTIFICADOR DE NÚMERO DE CONTROL
campo de control ES-MaACL
005 - FECHA Y HORA DE LA ÚLTIMA TRANSACCIÓN
campo de control 20250801223014.0
007 - CAMPO FIJO DE DESCRIPCIÓN FÍSICA--INFORMACIÓN GENERAL
campo de control de longitud fija t|
008 - DATOS DE LONGITUD FIJA--INFORMACIÓN GENERAL
campo de control de longitud fija 070214s1922 sp r ||||1| spa d
080 ## - NÚMERO DE LA CLASIFICACIÓN DECIMAL UNIVERSAL
Número de la Clasificación Decimal Universal 929 Blavatsky, H.P.
100 1# - ENTRADA PRINCIPAL--NOMBRE DE PERSONA
Nombre de persona Roso de Luna, Mario,
Fechas asociadas al nombre 1872-1931
9 (RLIN) 99794
245 14 - MENCIÓN DEL TÍTULO
Título Una mártir del siglo XIX, Helena Petrovna Blavatsky :
Resto del título fundadora de la Sociedad Teosófica /
Mención de responsabilidad, etc. Mario Roso de Luna.
260 ## - PUBLICACIÓN, DISTRIBUCIÓN, ETC.
Lugar de publicación, distribución, etc. Madrid :
Nombre del editor, distribuidor, etc. Hesperia,
Fecha de publicación, distribución, etc. 1922.
300 ## - DESCRIPCIÓN FÍSICA
Extensión 144 p. ;
Dimensiones 24 cm.
490 1# - MENCIÓN DE SERIE
Mención de serie Obras completas de Mario Roso de Luna ;
Designación de volumen o secuencia 1
490 1# - MENCIÓN DE SERIE
Mención de serie Biblioteca poligráfica blavatsquiana. Serie C ;
Designación de volumen o secuencia 21
600 14 - PUNTO DE ACCESO ADICIONAL DE MATERIA--NOMBRE DE PERSONA
Nombre de persona Blavatsky, H. P.,
Fechas asociadas al nombre 1831-1891
9 (RLIN) 148372
830 1# - PUNTO DE ACCESO ADICIONAL DE SERIE-TÍTULO UNIFORME
Título uniforme Obras completas de Mario Roso de Luna
Designación de volumen o secuencia 1
9 (RLIN) 186911
830 1# - PUNTO DE ACCESO ADICIONAL DE SERIE-TÍTULO UNIFORME
Título uniforme Biblioteca poligráfica blavatsquiana. Serie C ;
Designación de volumen o secuencia 21
9 (RLIN) 186912
852 ## - LOCALIZACIÓN
Ubicación ES-MaACL
Número de control de estantería B-8583(2)
Nota libre - Enc. con otras obras de Mario Roso de Luna
Holdings
Estatus retirado Estado de pérdida Estado de daño No para préstamo Biblioteca de origen Biblioteca actual Ubicación en estantería Fecha de adquisición Fuente de adquisición Total de préstamos Signatura topográfica completa Código de barras Visto por última vez Precio de reemplazo Tipo de ítem Koha
        Biblioteca del Ateneo de Madrid Biblioteca del Ateneo de Madrid Sala Pardo Bazán 17/01/2008     B-8583(2) 1138398 23/02/2023 23/02/2023 Libro impreso